[Event "1st EUR-ch"]
[Site "Saint Vincent ITA"]
[Date "2000.07.13"]
[Round "10"]
[White "Bunzmann, Dimitrij"]
[Black "Sax, Gyula"]
[Result "1/2-1/2"]
[WhiteElo "2484"]
[BlackElo "2563"]
[EventDate "2000.07.03"]
[PlyCount "77"]

1.d4 Nf6 2.c4 e6 3.Nf3 b6 4.Nc3 Bb7 5.a3 d5 6.cxd5 Nxd5 7.e3 Be7 8.Bb5+ c6
9.Bd3 O-O 10.e4 Nxc3 11.bxc3 c5 12.Qe2 Qc8 13.O-O Ba6 14.Rd1 Rd8 15.Bb2 
Bxd3 16.Rxd3 cxd4 17.cxd4 Nd7 18.Rad1 Qa6 19.h4 h6 20.Bc1 Qb7 21.Nh2 Bxh4 
22.Qg4 Bxf2+ 23.Kxf2 Nf6 24.Qf3 Qxe4 25.Qxe4 Nxe4+ 26.Kf3 Nf6 27.Nf1 Rac8 
28.Ne3 Nd5 29.Bb2 f6 30.Nxd5 Rxd5 31.Rc1 Rxc1 32.Bxc1 h5 33.Ke4 Kf7 34.Rc3
Rd7 35.Rc8 g5 36.g3 Kg6 37.Rg8+ Kf7 38.Rh8 Kg6 39.Re8 1/2-1/2

[Event "1st EUR-ch"]
[Site "Saint Vincent ITA"]
[Date "2000.07.13"]
[Round "10"]
[White "David, Alberto"]
[Black "Yakovich, Yury"]
[Result "0-1"]
[WhiteElo "2487"]
[BlackElo "2585"]
[EventDate "2000.07.03"]
[PlyCount "168"]

1.e4 c5 2.Nf3 Nc6 3.d4 cxd4 4.Nxd4 Nf6 5.Nc3 e5 6.Ndb5 d6 7.Bg5 a6 8.Na3 
b5 9.Bxf6 gxf6 10.Nd5 Bg7 11.c3 f5 12.exf5 Bxf5 13.Nc2 O-O 14.Nce3 Be6 15.
Bd3 f5 16.O-O Ra7 17.a4 Ne7 18.Nxe7+ Rxe7 19.axb5 axb5 20.Bxf5 Rxf5 21.
Nxf5 Bxf5 22.Qf3 Qd7 23.Ra8+ Bf8 24.Rfa1 Rf7 25.R1a7 Qxa7 26.Rxa7 Rxa7 27.
Qd5+ Kg7 28.f4 Kf6 29.fxe5+ dxe5 30.Qd8+ Kf7 31.Qd5+ Be6 32.Qxe5 Bc4 33.h3
Re7 34.Qf5+ Kg8 35.Qg5+ Rg7 36.Qe5 h6 37.g4 Re7 38.Qf5 Kg7 39.b3 Bxb3 40.
Qxb5 Bf7 41.Kf2 Re6 42.Qd3 Bc5+ 43.Kg2 Re3 44.Qd2 Re5 45.Qd8 Rd5 46.Qc7 
Bd6 47.Qd7 Be5 48.Qe7 Bxc3 49.Qe4 Bf6 50.Qe3 Rb5 51.Qa7 Rb2+ 52.Kh1 Rb3 
53.Kg2 Rb2+ 54.Kh1 Re2 55.Qc5 Rd2 56.Qc7 Kg6 57.Qa5 Bd5+ 58.Kg1 Rd1+ 59.
Kf2 Bh4+ 60.Ke2 Re1+ 61.Kd2 Re5 62.Qc7 Bg5+ 63.Kd3 Re6 64.Qa5 Be4+ 65.Kd4 
Kf7 66.Qa3 Bg6 67.Qa7+ Re7 68.Qa2+ Kg7 69.Kc5 Re3 70.Qh2 Bf6 71.Qc7+ Bf7 
72.Qh2 Rc3+ 73.Kd6 Rd3+ 74.Kc5 Be7+ 75.Kc6 Be8+ 76.Kb6 Rb3+ 77.Kc7 Rc3+ 
78.Kb8 Bf6 79.Qe2 Bf7 80.Qh2 Rc5 81.Qf2 Rc3 82.Qh2 Bd5 83.Qd6 Bb3 84.Qf4 
Rxh3 0-1

[Event "1st EUR-ch"]
[Site "Saint Vincent ITA"]
[Date "2000.07.13"]
[Round "10"]
[White "Efimov, Igor"]
[Black "Jonkman, Harmen"]
[Result "0-1"]
[WhiteElo "2520"]
[BlackElo "2424"]
[EventDate "2000.07.03"]
[PlyCount "110"]

1.Nf3 d5 2.c4 e6 3.d4 dxc4 4.e3 a6 5.Bxc4 Nf6 6.O-O c5 7.dxc5 Bxc5 8.Qxd8+
Kxd8 9.Nc3 b5 10.Bd3 Bb7 11.e4 Nfd7 12.b3 Nc6 13.Bb2 Ke7 14.a4 b4 15.Ne2 
f6 16.Nf4 g5 17.Nh5 g4 18.Ne1 Bd4 19.Ra2 Nde5 20.Be2 Bxb2 21.Rxb2 Nd4 22.
f4 gxf3 23.Nxf3 Nexf3+ 24.gxf3 Rhg8+ 25.Kf2 Nxe2 26.Rxe2 Rac8 27.Rd1 Rg5 
28.Nf4 Rgc5 29.Rd4 a5 30.Red2 R8c7 31.Ne2 Bc8 32.Rd8 Rc2 33.Ke1 Rxd2 34.
Rxd2 Rc5 35.Nf4 Ba6 36.Rg2 Kd6 37.Rg7 Ke5 38.Nh5 Kd4 39.Nxf6 Ke3 40.Ng4+ 
Kxf3 41.Nf6 Ke3 42.Rg3+ Kd4 43.Nxh7 Rc3 44.Ng5 Rxg3 45.hxg3 Kc3 46.Nxe6 
Kxb3 47.e5 Ka2 48.Nc5 Bc8 49.Kd2 b3 50.Ne4 b2 51.Ke3 Kb3 52.Kd4 Kxa4 53.
Nd2 Kb4 54.Nb1 a4 55.Nc3 a3 0-1

[Event "1st EUR-ch"]
[Site "Saint Vincent ITA"]
[Date "2000.07.13"]
[Round "10"]
[White "Epishin, Vladimir"]
[Black "Bellini, Fabio"]
[Result "1/2-1/2"]
[WhiteElo "2567"]
[BlackElo "2484"]
[EventDate "2000.07.03"]
[PlyCount "103"]

1.d4 Nf6 2.c4 e6 3.Nf3 d5 4.Nc3 Nbd7 5.cxd5 exd5 6.Bf4 c6 7.Qc2 Be7 8.h3 
O-O 9.e3 Re8 10.Bd3 Nf8 11.O-O Ng6 12.Bh2 Bd6 13.Rae1 Bxh2+ 14.Nxh2 Qd6 
15.f4 Bd7 16.f5 Nf8 17.Qf2 h6 18.a3 Rad8 19.Qf4 Bc8 20.g4 Qxf4 21.exf4 
Rxe1 22.Rxe1 Re8 23.Rd1 g6 24.fxg6 fxg6 25.Kf2 Kg7 26.f5 gxf5 27.gxf5 N8h7
28.Rg1+ Kf8 29.Nf3 Ne4+ 30.Bxe4 dxe4 31.Ne5 Ng5 32.Ke3 Bxf5 33.Rf1 Nf3 34.
Nxe4 Nxe5 35.Rxf5+ Nf7 36.Kf4 Rd8 37.Ke3 Kg7 38.h4 Nd6 39.Nxd6 Rxd6 40.h5 
Re6+ 41.Kd3 Re1 42.a4 Rd1+ 43.Kc3 Rc1+ 44.Kb4 Rd1 45.Kc5 Rc1+ 46.Kd6 Rc4 
47.Ke6 Rxd4 48.Rf7+ Kg8 49.Rxb7 Rxa4 50.Kf6 c5 51.Rb8+ Kh7 52.Rb7+ 1/2-1/2

[Event "1st EUR-ch"]
[Site "Saint Vincent ITA"]
[Date "2000.07.13"]
[Round "10"]
[White "Franco Ocampos, Zenon"]
[Black "Galego, Luis"]
[Result "1-0"]
[WhiteElo "2512"]
[BlackElo "2419"]
[EventDate "2000.07.03"]
[PlyCount "47"]

1.c4 e5 2.g3 Nf6 3.Bg2 Bc5 4.Nc3 O-O 5.e3 Re8 6.Nge2 e4 7.O-O d6 8.d3 exd3
9.Qxd3 a6 10.b3 Nc6 11.h3 Rb8 12.Bb2 Ne5 13.Qc2 b5 14.cxb5 axb5 15.Rad1 
Bd7 16.Nf4 b4 17.Nce2 Qc8 18.g4 Bb5 19.Rfe1 Qa6 20.g5 Nfd7 21.Ng3 Bc6 22.
Nd5 Qb7 23.Nf5 Nb6 24.Nde7+ 1-0

[Event "1st EUR-ch"]
[Site "Saint Vincent ITA"]
[Date "2000.07.13"]
[Round "10"]
[White "Gelashvili, Tamaz"]
[Black "Tiviakov, Sergei"]
[Result "0-1"]
[WhiteElo "2519"]
[BlackElo "2608"]
[EventDate "2000.07.03"]
[PlyCount "182"]

1.g3 Nf6 2.Bg2 d5 3.d3 c5 4.f4 g6 5.Nf3 Bg7 6.O-O O-O 7.Qe1 Nc6 8.h3 d4 9.
Na3 Nd5 10.Bd2 Rb8 11.c3 b5 12.Rc1 Ba6 13.cxd4 Nxd4 14.Ne5 Qd6 15.e3 Ne6 
16.d4 Rfc8 17.f5 cxd4 18.fxe6 Qxe5 19.exf7+ Kf8 20.exd4 Qxe1 21.Rfxe1 
Bxd4+ 22.Kh2 Rxc1 23.Bh6+ Bg7 24.Bxc1 Rd8 25.Nc2 Bb7 26.Rf1 Rc8 27.Rf2 Bf6
28.g4 g5 29.h4 h6 30.b3 Kg7 31.hxg5 hxg5 32.Kg1 Kxf7 33.Be4 Kg7 34.Bd2 Ba8
35.Rh2 Nb6 36.Bd3 Nd7 37.Bf5 Rd8 38.Ba5 Nb6 39.Kf2 Rd1 40.Ke2 Rb1 41.Bxb6 
axb6 42.Kd3 Rb2 43.Rh7+ Kg8 44.Nb4 Rf2 45.Rh3 Bg2 46.Rh5 Rf3+ 47.Kc2 Rg3 
48.Be6+ Kg7 49.Nd5 Be4+ 50.Kc1 Bxd5 51.Bxd5 Rxg4 52.Rh2 Rf4 53.Kc2 Kg6 54.
Bc6 b4 55.Kd3 g4 56.Be8+ Kf5 57.Bd7+ Kg5 58.Bc6 g3 59.Re2 Rf1 60.Bg2 Rg1 
61.Bb7 Rc1 62.Rc2 Ra1 63.Ke3 Rf1 64.Bg2 Rf5 65.Be4 Ra5 66.Kf3 Be5 67.Bb7 
Bd6 68.Be4 Kh4 69.Ke3 Re5 70.Kd3 Bc5 71.Bg2 Re3+ 72.Kd2 Re6 73.Rc4+ Kg5 
74.Bh3 Rd6+ 75.Ke2 Bd4 76.Bg2 Re6+ 77.Kd3 Bc5 78.Re4 Rh6 79.Ke2 Bd6 80.Rc4
Rf6 81.Bf3 Rf5 82.Rd4 Re5+ 83.Kf1 Re3 84.Bg2 Rc3 85.Re4 Kf5 86.Re2 Bc5 87.
Be4+ Kf4 88.Kg2 Be3 89.Bc2 e5 90.Kf1 Kf3 91.Bd1 Rc1 0-1

[Event "1st EUR-ch"]
[Site "Saint Vincent ITA"]
[Date "2000.07.13"]
[Round "10"]
[White "Gershon, Alik"]
[Black "Beliavsky, Alexander"]
[Result "1/2-1/2"]
[WhiteElo "2502"]
[BlackElo "2654"]
[EventDate "2000.07.03"]
[PlyCount "50"]

1.d4 Nf6 2.c4 e6 3.Nc3 Bb4 4.Qc2 O-O 5.a3 Bxc3+ 6.Qxc3 b6 7.Bg5 Bb7 8.e3 
d6 9.f3 Nbd7 10.Bd3 c5 11.b4 h6 12.Bh4 d5 13.dxc5 bxc5 14.cxd5 Nxd5 15.
Bxd8 Nxc3 16.Be7 Rfe8 17.Bd6 cxb4 18.axb4 e5 19.Bf5 Nf6 20.Ne2 Nb5 21.Bc5 
e4 22.Kf2 Re5 23.Bh3 exf3 24.gxf3 a5 25.Ra4 axb4 1/2-1/2

[Event "1st EUR-ch"]
[Site "Saint Vincent ITA"]
[Date "2000.07.13"]
[Round "10"]
[White "Hertneck, Gerald"]
[Black "Aldrovandi, Costantino"]
[Result "1-0"]
[WhiteElo "2541"]
[BlackElo "2351"]
[EventDate "2000.07.03"]
[PlyCount "69"]

1.c4 Nf6 2.Nc3 g6 3.g3 Bg7 4.Bg2 O-O 5.d3 c5 6.Rb1 Nc6 7.a3 a5 8.b3 d6 9.
Nf3 h6 10.O-O Bd7 11.Bd2 Kh7 12.e3 Qc8 13.Ne1 Bg4 14.f3 Bh3 15.Nc2 Rd8 16.
e4 Bxg2 17.Kxg2 e6 18.f4 d5 19.e5 Ng8 20.cxd5 exd5 21.Na4 Qc7 22.Nxc5 b6 
23.Na4 d4 24.Rc1 f6 25.Qf3 Rac8 26.exf6 Nxf6 27.b4 Rd5 28.Rfe1 Rf8 29.Na1 
Qb7 30.Re6 Nd8 31.Rxb6 Qa8 32.b5 g5 33.Kg1 gxf4 34.Bxf4 Nh5 35.Qe4+ 1-0

[Event "1st EUR-ch"]
[Site "Saint Vincent ITA"]
[Date "2000.07.13"]
[Round "10"]
[White "Kempinski, Robert"]
[Black "Gdanski, Jacek"]
[Result "0-1"]
[WhiteElo "2498"]
[BlackElo "2557"]
[EventDate "2000.07.03"]
[PlyCount "84"]

1.d4 Nf6 2.c4 e6 3.Nf3 d5 4.Nc3 c5 5.cxd5 Nxd5 6.e3 Nc6 7.Bc4 cxd4 8.exd4 
Be7 9.O-O Nxc3 10.bxc3 O-O 11.Qe2 b6 12.Qe4 Bb7 13.Bd3 g6 14.Bh6 Re8 15.
Qg4 Bf6 16.Rfe1 Ne7 17.Bb5 Bc6 18.Bxc6 Nxc6 19.Ng5 Rc8 20.Rad1 Qd5 21.Ne4 
Be7 22.c4 Qxc4 23.Qf4 f5 24.Nd6 Bxd6 25.Qxd6 Qd5 26.Qf4 Rcd8 27.Qh4 Rd7 
28.Qf6 e5 29.f4 e4 30.h4 Qe6 31.Bg5 Qxf6 32.Bxf6 Kf7 33.Be5 Red8 34.Rc1 
Nxd4 35.Kh2 h5 36.a4 Ne6 37.Rc6 Rd1 38.Re2 R1d2 39.Rxd2 Rxd2 40.a5 e3 41.
Kg3 e2 42.Kf2 Nc5 0-1

[Event "1st EUR-ch"]
[Site "Saint Vincent ITA"]
[Date "2000.07.13"]
[Round "10"]
[White "Kuczynski, Robert"]
[Black "Bauer, Christian"]
[Result "0-1"]
[WhiteElo "2479"]
[BlackElo "2562"]
[EventDate "2000.07.03"]
[PlyCount "188"]

1.e4 e5 2.Nf3 Nc6 3.Bc4 Nf6 4.d3 Bc5 5.c3 a6 6.O-O Ba7 7.Bb3 O-O 8.Nbd2 d6
9.h3 Ne7 10.Re1 Ng6 11.Nf1 b5 12.Ng3 Bb7 13.Nh2 Nd7 14.Qh5 Qh4 15.Qxh4 
Nxh4 16.Bg5 Ng6 17.Nf5 Nc5 18.Bc2 Ne6 19.Be3 Bxe3 20.fxe3 Rfe8 21.a4 Ngf8 
22.Ra3 g6 23.Nh4 Nd7 24.Rea1 Nb6 25.Ng4 Kg7 26.axb5 axb5 27.Ra7 Reb8 28.
R1a5 Rxa7 29.Rxa7 Nc5 30.Ra2 b4 31.cxb4 Na6 32.Ra3 Nxb4 33.Bd1 Ba6 34.Nf2 
Ra8 35.d4 Nc4 36.Rc3 Ra7 37.Nf3 Nxb2 38.dxe5 Nxd1 39.Nxd1 dxe5 40.Nxe5 Bc8
41.Nf2 Be6 42.Nfd3 Nxd3 43.Nxd3 Kf6 44.Nb4 Rb7 45.Na6 Ke5 46.Nxc7 Kxe4 47.
Na6 Ke5 48.Nc5 Rb1+ 49.Kf2 Bd5 50.Nd3+ Kd6 51.Ne1 h5 52.Rc2 Be4 53.Ra2 f6 
54.Nf3 Rc1 55.Ra6+ Ke7 56.Ra7+ Kf8 57.Rd7 g5 58.Rd4 Bc6 59.Rd2 Ke7 60.Nd4 
Be4 61.Ne2 Ra1 62.Ng3 Bg6 63.Rb2 h4 64.Ne2 Bd3 65.Rd2 Ba6 66.e4 Ra3 67.Nd4
Bd3 68.Nc2 Rc3 69.Nb4 Bxe4 70.Nd5+ Bxd5 71.Rxd5 Ke6 72.Ra5 Rd3 73.Rb5 Rd5 
74.Rb6+ Ke5 75.Rb2 Ke4 76.Re2+ Kf4 77.Ra2 Rd4 78.Rb2 f5 79.Ra2 Rd3 80.Ra4+
Ke5 81.Ra5+ Ke4 82.Ra2 g4 83.hxg4 fxg4 84.Ra4+ Rd4 85.Ra2 g3+ 86.Ke2 Rb4 
87.Ra8 Rb2+ 88.Kf1 Rf2+ 89.Kg1 Rb2 90.Kf1 Rb1+ 91.Ke2 h3 92.Ra4+ Ke5 93.
Ra5+ Kd6 94.Ra6+ Kc7 0-1

[Event "1st EUR-ch"]
[Site "Saint Vincent ITA"]
[Date "2000.07.13"]
[Round "10"]
[White "Lalic, Bogdan"]
[Black "Marcelin, Cyril"]
[Result "1/2-1/2"]
[WhiteElo "2520"]
[BlackElo "2433"]
[EventDate "2000.07.03"]
[PlyCount "39"]

1.d4 f5 2.g3 Nf6 3.Bg2 e6 4.c4 c6 5.Nh3 d6 6.Nc3 Be7 7.e4 e5 8.O-O O-O 9.
Re1 Nxe4 10.Nxe4 fxe4 11.dxe5 dxe5 12.Qxd8 Rxd8 13.Ng5 Bb4 14.Rf1 Bf5 15.
Be3 Nd7 16.Nxe4 Nf6 17.Nxf6+ gxf6 18.Rfd1 Be6 19.Rac1 Ba5 20.Rxd8+ 1/2-1/2

[Event "1st EUR-ch"]
[Site "Saint Vincent ITA"]
[Date "2000.07.13"]
[Round "10"]
[White "Malakhov, Vladimir"]
[Black "Kharlov, Andrei"]
[Result "1/2-1/2"]
[WhiteElo "2605"]
[BlackElo "2627"]
[EventDate "2000.07.03"]
[PlyCount "97"]

1.e4 c5 2.Nf3 Nc6 3.d4 cxd4 4.Nxd4 Nf6 5.Nc3 e5 6.Ndb5 d6 7.Bg5 a6 8.Na3 
b5 9.Nd5 Be7 10.Bxf6 Bxf6 11.c3 Bg5 12.Nc2 Rb8 13.g3 O-O 14.Bg2 a5 15.O-O 
Ne7 16.Nce3 Bxe3 17.Nxe3 Be6 18.Qd2 Qb6 19.Rfd1 Rfd8 20.b3 b4 21.Rac1 Nc6 
22.Nd5 Bxd5 23.Qxd5 bxc3 24.Rxc3 Nd4 25.Bf1 Rdc8 26.Rdc1 Rxc3 27.Rxc3 g6 
28.Kg2 Kg7 29.Qc4 Ne6 30.Qc6 Nc5 31.Qd5 Rc8 32.Bc4 Rc7 33.Rf3 Ne6 34.h4 
Qc5 35.Qxc5 Nxc5 36.Bd5 Ne6 37.Bxe6 fxe6 38.Rd3 Rc6 39.Kf3 Kf6 40.Ke2 Rc2+
41.Rd2 Rc6 42.Kd1 Rb6 43.Kc2 Ke7 44.f3 h6 45.Rd3 g5 46.hxg5 hxg5 47.g4 Rb8
48.Rc3 Kd7 49.Kd3 1/2-1/2

[Event "1st EUR-ch"]
[Site "Saint Vincent ITA"]
[Date "2000.07.13"]
[Round "10"]
[White "Miles, Anthony"]
[Black "Fedorov, Alexei"]
[Result "1/2-1/2"]
[WhiteElo "2584"]
[BlackElo "2646"]
[EventDate "2000.07.03"]
[PlyCount "39"]

1.d4 Nf6 2.Nf3 g6 3.c3 Bg7 4.Bg5 O-O 5.Nbd2 d6 6.e4 c5 7.d5 h6 8.Bh4 e6 9.
dxe6 Bxe6 10.Bc4 d5 11.exd5 Bxd5 12.O-O Nc6 13.Qc2 Bxc4 14.Nxc4 b5 15.Rad1
Qc8 16.Ne3 Re8 17.Bxf6 Bxf6 18.Rd6 Re6 19.Rd2 Bg7 20.Rfd1 1/2-1/2

[Event "1st EUR-ch"]
[Site "Saint Vincent ITA"]
[Date "2000.07.13"]
[Round "10"]
[White "Miljanic, Boro"]
[Black "Vukovic, Zdravko"]
[Result "1/2-1/2"]
[WhiteElo "2401"]
[BlackElo "2471"]
[EventDate "2000.07.03"]
[PlyCount "28"]

1.e4 c5 2.Nf3 Nc6 3.Bb5 Nf6 4.Bxc6 dxc6 5.d3 Bg4 6.h3 Bxf3 7.Qxf3 e6 8.O-O
Be7 9.Be3 O-O 10.Nd2 Nd7 11.a4 Bg5 12.Qg3 Bxe3 13.fxe3 Qb8 14.Qh4 Ne5 
1/2-1/2

[Event "1st EUR-ch"]
[Site "Saint Vincent ITA"]
[Date "2000.07.13"]
[Round "10"]
[White "Milov, Vadim"]
[Black "Lutz, Christopher"]
[Result "1/2-1/2"]
[WhiteElo "2626"]
[BlackElo "2595"]
[EventDate "2000.07.03"]
[PlyCount "83"]

1.d4 Nf6 2.c4 e6 3.Nc3 Bb4 4.e3 O-O 5.Bd3 d5 6.a3 Bxc3+ 7.bxc3 dxc4 8.Bxc4
c5 9.Bd3 Qc7 10.Bb2 e5 11.dxe5 Qxe5 12.Nf3 Qe7 13.c4 Nc6 14.Qc2 Re8 15.O-O
Ne4 16.Ne5 Nxe5 17.Bxe4 Ng6 18.Bd5 Be6 19.Rad1 Rad8 20.Rfe1 Bxd5 21.cxd5 
b5 22.e4 f6 23.a4 a6 24.Ba3 b4 25.Bb2 Qd6 26.Rc1 Rc8 27.Qb3 c4 28.Rxc4 
Qxd5 29.Rxb4 Qxb3 30.Rxb3 Rc4 31.a5 Rcxe4 32.Rxe4 Rxe4 33.g3 Re6 34.Rb6 
Kf7 35.Ba3 Ne5 36.Rb7+ Kg8 37.Ra7 g5 38.f4 gxf4 39.gxf4 Nd3 40.Ra8+ Kf7 
41.f5 Re1+ 42.Kg2 1/2-1/2

[Event "1st EUR-ch"]
[Site "Saint Vincent ITA"]
[Date "2000.07.13"]
[Round "10"]
[White "Morovic, Ivan"]
[Black "Godena, Michele"]
[Result "1/2-1/2"]
[WhiteElo "2608"]
[BlackElo "2485"]
[EventDate "2000.07.03"]
[PlyCount "161"]

1.e4 c5 2.Nf3 e6 3.d4 cxd4 4.Nxd4 a6 5.Bd3 Qb6 6.c3 Nc6 7.Nd2 Nxd4 8.Nc4 
Qc7 9.cxd4 b5 10.Ne3 Bb7 11.O-O Nf6 12.f3 Be7 13.a4 Qb6 14.axb5 axb5 15.
Rxa8+ Bxa8 16.Nc2 O-O 17.b3 Rc8 18.Bb2 Bc6 19.Kh1 d6 20.Qe2 Qb7 21.Ne3 Be8
22.Rd1 Bd8 23.Bb1 b4 24.Bd3 Ra8 25.Qd2 d5 26.e5 Nd7 27.Bb1 Nf8 28.f4 f5 
29.Nc2 Rb8 30.Ne1 Be7 31.Nd3 Rc8 32.Rg1 Qb5 33.h3 Bg6 34.Nf2 Qe8 35.Nd1 
Nd7 36.Ne3 Qf7 37.Bd3 Nb8 38.Ra1 Nc6 39.Rc1 Na7 40.Rxc8+ Nxc8 41.Qc2 Na7 
42.g3 Bf8 43.Kg1 Kh8 44.Kg2 Kg8 45.Bc1 Qd7 46.g4 Nb5 47.Bb2 Na3 48.Qe2 
fxg4 49.hxg4 Bxd3 50.Qxd3 Qb5 51.Qd1 g6 52.Kf3 Qc6 53.f5 Bh6 54.f6 Qa6 55.
Qc1 Nb5 56.Qa1 Qxa1 57.Bxa1 Bxe3 58.Kxe3 h5 59.gxh5 gxh5 60.Bb2 Na7 61.Bc1
Nc6 62.Bd2 h4 63.Kf4 Kf7 64.Kg4 Nxd4 65.Bxb4 Nc6 66.Bc5 Nxe5+ 67.Kxh4 Kxf6
68.b4 Nd3 69.Bf8 Kf7 70.Bd6 Ke8 71.b5 Kd7 72.Bg3 e5 73.Kg4 e4 74.Kf5 e3 
75.b6 Kc6 76.Ke6 Nb4 77.Ke5 Kxb6 78.Kd4 e2 79.Kc3 Nc6 80.Kd2 Nd4 81.Bf2 
1/2-1/2

[Event "1st EUR-ch"]
[Site "Saint Vincent ITA"]
[Date "2000.07.13"]
[Round "10"]
[White "Pedersen, Jan"]
[Black "Mikhalevski, Victor"]
[Result "0-1"]
[WhiteElo "2322"]
[BlackElo "2532"]
[EventDate "2000.07.03"]
[PlyCount "56"]

1.e4 e5 2.Nc3 Nf6 3.g3 c6 4.d4 exd4 5.Qxd4 d5 6.Bg2 Be6 7.exd5 cxd5 8.Nge2
Nc6 9.Qd1 Bc5 10.O-O O-O 11.Na4 Be7 12.Be3 Qa5 13.c3 Ne5 14.b4 Qc7 15.Bc5 
Bg4 16.f3 Bd7 17.Bxe7 Bxa4 18.Qxa4 Qxe7 19.Qc2 a5 20.b5 Nc4 21.Nd4 Rfe8 
22.Rf2 Qc5 23.Bf1 Re3 24.Rc1 Rae8 25.Bxc4 dxc4 26.Kg2 g6 27.Qd2 Nd5 28.
Rff1 Rd3 0-1

[Event "1st EUR-ch"]
[Site "Saint Vincent ITA"]
[Date "2000.07.13"]
[Round "10"]
[White "Romanishin, Oleg"]
[Black "Lobron, Eric"]
[Result "1-0"]
[WhiteElo "2591"]
[BlackElo "2530"]
[EventDate "2000.07.03"]
[PlyCount "69"]

1.Nf3 c5 2.g3 g6 3.c3 Bg7 4.d4 Qa5 5.Nbd2 cxd4 6.Nb3 Qb6 7.cxd4 Nf6 8.Bg2 
O-O 9.O-O d6 10.d5 Bd7 11.Be3 Qa6 12.Bd4 Qa4 13.Re1 Na6 14.e4 Nc7 15.e5 
Nfxd5 16.exd6 exd6 17.Bxg7 Kxg7 18.Ng5 Bc6 19.Re4 Qb5 20.a4 Qb6 21.a5 Qa6 
22.Nd4 Rae8 23.Bf1 b5 24.Rh4 h6 25.Ne4 Rxe4 26.Rxe4 Nc3 27.Qc1 Nxe4 28.
Nxc6 Ne6 29.Nb4 Qb7 30.Bg2 Rc8 31.Qe1 Rc4 32.b3 Rd4 33.Nc2 d5 34.Nxd4 Nxd4
35.Bxe4 1-0

[Event "1st EUR-ch"]
[Site "Saint Vincent ITA"]
[Date "2000.07.13"]
[Round "10"]
[White "Salmensuu, Olli"]
[Black "Shevelev, Arkady"]
[Result "1-0"]
[WhiteElo "2458"]
[BlackElo "2354"]
[EventDate "2000.07.03"]
[PlyCount "113"]

1.e4 c6 2.d4 d5 3.e5 Bf5 4.Nc3 e6 5.g4 Bg6 6.Nge2 c5 7.h4 h6 8.Be3 Qb6 9.
f4 Nc6 10.f5 Bh7 11.Qd2 c4 12.Bg2 O-O-O 13.O-O f6 14.Nf4 fxe5 15.Nxe6 exd4
16.Nxd4 Nxd4 17.Qxd4 Qxd4 18.Bxd4 Ne7 19.Bxa7 h5 20.g5 Bxf5 21.Nxd5 g6 22.
Nb6+ Kc7 23.Nxc4 Nc8 24.Bf2 b5 25.Bg3+ Nd6 26.Ne3 Kc8 27.Bxd6 Rxd6 28.Nxf5
gxf5 29.Rxf5 Bg7 30.Rc5+ Kd8 31.Rxb5 Bd4+ 32.Kh1 Bb6 33.c4 Bc7 34.Rd5 Rxd5
35.Bxd5 Rf8 36.Kg2 Rf4 37.Rh1 Bb6 38.Rh2 Bf2 39.g6 Bd4 40.Kh3 Bf6 41.b4 
Rxh4+ 42.Kg3 Rg4+ 43.Kf3 Rxg6 44.Rxh5 Bc3 45.b5 Bd4 46.a4 Bb6 47.Bc6 Rf6+ 
48.Ke4 Bc7 49.Rh8+ Ke7 50.Rh7+ Kd8 51.c5 Rf4+ 52.Kd5 Ba5 53.b6 Bc3 54.b7 
Rb4 55.Bb5 Be5 56.Rd7+ Ke8 57.Kxe5 1-0

[Event "1st EUR-ch"]
[Site "Saint Vincent ITA"]
[Date "2000.07.13"]
[Round "10"]
[White "Simonenko, Sergei"]
[Black "Dittmar, Peter"]
[Result "0-1"]
[WhiteElo "2465"]
[BlackElo "2364"]
[EventDate "2000.07.03"]
[PlyCount "96"]

1.d4 d5 2.c4 e6 3.Nf3 Nf6 4.g3 Be7 5.Bg2 O-O 6.O-O c5 7.cxd5 exd5 8.Nc3 
Nc6 9.Bg5 c4 10.Ne5 Be6 11.e3 Nd7 12.Bxe7 Nxe7 13.f4 f6 14.Nf3 Kh8 15.Nh4 
f5 16.Nf3 Nf6 17.Ne5 Rb8 18.h3 Qc8 19.Bf3 b5 20.a3 a5 21.g4 Nd7 22.Nxd7 
Qxd7 23.Qe2 Rf6 24.Qg2 fxg4 25.hxg4 Rg6 26.g5 Bh3 27.Qh1 Bxf1 28.Rxf1 Rd6 
29.Rf2 Qe6 30.e4 dxe4 31.Bxe4 g6 32.Ne2 Rbd8 33.Rh2 Qf7 34.Qf3 b4 35.axb4 
axb4 36.Qf2 Nf5 37.d5 Qg7 38.Qc5 Qxb2 39.Qxc4 Qa1+ 40.Kf2 Qa7+ 41.Kf3 Qa3+
42.Kf2 Qe3+ 43.Kg2 Re8 44.Bf3 Qb6 45.Qb3 Kg8 46.Rh1 Re3 47.Qb2 Rd3 48.Be4 
Ne3+ 0-1

[Event "1st EUR-ch"]
[Site "Saint Vincent ITA"]
[Date "2000.07.13"]
[Round "10"]
[White "Sorensen, Jan"]
[Black "Van der Weide, Karel"]
[Result "0-1"]
[WhiteElo "2399"]
[BlackElo "2467"]
[EventDate "2000.07.03"]
[PlyCount "82"]

1.e4 c5 2.Nf3 Nc6 3.d4 cxd4 4.Nxd4 Nf6 5.Nc3 d6 6.Be2 Nxd4 7.Qxd4 g6 8.O-O
Bg7 9.Bg5 O-O 10.Qd2 Be6 11.Rfd1 Rc8 12.Bf3 Nd7 13.Bh6 Bxh6 14.Qxh6 Qb6 
15.Rab1 Rc7 16.Be2 Rfc8 17.Re1 Nf6 18.Qd2 a6 19.h3 Qc5 20.Bd3 Nh5 21.a3 
Qe5 22.Ne2 g5 23.c3 Kh8 24.Nd4 Rg8 25.Qe3 g4 26.Nxe6 fxe6 27.hxg4 Rxg4 28.
Bf1 Qg7 29.Qd2 Rc5 30.g3 Nxg3 31.fxg3 Rxg3+ 32.Kf2 Rh5 33.Re2 Rg1 34.Ke3 
Qg3+ 35.Kd4 Re5 36.Re3 Qf4 37.Qe2 Rf5 38.Kd3 Rf8 39.e5 d5 40.Rh3 Qf5+ 41.
Kd4 Qxb1 0-1

[Event "1st EUR-ch"]
[Site "Saint Vincent ITA"]
[Date "2000.07.13"]
[Round "10"]
[White "Timman, Jan"]
[Black "Fressinet, Laurent"]
[Result "1/2-1/2"]
[WhiteElo "2639"]
[BlackElo "2536"]
[EventDate "2000.07.03"]
[PlyCount "97"]

1.e4 c5 2.Nf3 d6 3.d4 cxd4 4.Nxd4 Nf6 5.Nc3 a6 6.Be3 Ng4 7.Bg5 h6 8.Bh4 g5
9.Bg3 Bg7 10.h3 Ne5 11.f3 Nbc6 12.Bf2 Be6 13.Qd2 Rc8 14.Be2 Qa5 15.a3 Ng6 
16.Nxc6 Rxc6 17.Bd4 Be5 18.Bxe5 Qxe5 19.O-O-O O-O 20.h4 Rfc8 21.hxg5 hxg5 
22.Qd4 Qxd4 23.Rxd4 Kg7 24.g3 Bc4 25.Bxc4 Rxc4 26.Rd2 Rh8 27.Rxh8 Kxh8 28.
Nd5 Kg7 29.b3 Rc8 30.Kb2 Kf8 31.a4 e6 32.Nb6 Rc6 33.a5 Ke7 34.c4 Ne5 35.f4
gxf4 36.gxf4 Nd7 37.Nxd7 Kxd7 38.Kc3 Ke7 39.b4 Rc8 40.Rd3 Rh8 41.e5 dxe5 
42.fxe5 Rc8 43.Rf3 Rd8 44.b5 axb5 45.cxb5 Rd5 46.Kb4 Rxe5 47.a6 bxa6 48.
bxa6 Rg5 49.a7 1/2-1/2

[Event "1st EUR-ch"]
[Site "Saint Vincent ITA"]
[Date "2000.07.13"]
[Round "10"]
[White "Tregubov, Pavel"]
[Black "Chernin, Alexander"]
[Result "1/2-1/2"]
[WhiteElo "2620"]
[BlackElo "2572"]
[EventDate "2000.07.03"]
[PlyCount "41"]

1.d4 Nf6 2.c4 e6 3.Nf3 d5 4.Nc3 c6 5.g3 dxc4 6.Bg2 Nbd7 7.a4 Be7 8.O-O O-O
9.Nd2 e5 10.Nxc4 exd4 11.Qxd4 Nc5 12.Qxd8 Rxd8 13.Na5 Na6 14.Bf4 Bb4 15.
Nc4 Be6 16.Nd2 h6 17.h4 Nd7 18.Na2 Be7 19.Nc3 Bb4 20.Na2 Be7 21.Nc3 
1/2-1/2

[Event "1st EUR-ch"]
[Site "Saint Vincent ITA"]
[Date "2000.07.14"]
[Round "11"]
[White "Alexandrov, Alexei"]
[Black "Tregubov, Pavel"]
[Result "0-1"]
[WhiteElo "2591"]
[BlackElo "2620"]
[EventDate "2000.07.03"]
[PlyCount "60"]

1.d4 d5 2.c4 e6 3.Nc3 c6 4.e3 Bd6 5.Bd3 f5 6.f4 Nf6 7.Nf3 O-O 8.O-O Kh8 9.
Ne5 c5 10.cxd5 exd5 11.Qf3 Nc6 12.Ne2 Ne4 13.b3 Qb6 14.Qh5 Bxe5 15.dxe5 
Be6 16.Rd1 a5 17.g4 Rad8 18.Ng3 c4 19.bxc4 dxc4 20.Be2 Rxd1+ 21.Bxd1 Qb4 
22.Kg2 Nxg3 23.hxg3 Qc3 24.gxf5 Bxf5 25.Qe2 Qxa1 26.Qxc4 Nxe5 27.fxe5 Rc8 
28.Qf4 Qxa2+ 29.Kf3 Qd5+ 30.Kf2 Qxd1 0-1

[Event "1st EUR-ch"]
[Site "Saint Vincent ITA"]
[Date "2000.07.14"]
[Round "11"]
[White "Bauer, Christian"]
[Black "Romanishin, Oleg"]
[Result "1/2-1/2"]
[WhiteElo "2562"]
[BlackElo "2591"]
[EventDate "2000.07.03"]
[PlyCount "37"]

1.d4 Nf6 2.c4 e6 3.g3 Bb4+ 4.Bd2 c5 5.Bxb4 cxb4 6.Bg2 O-O 7.Nd2 d6 8.e3 
Qb6 9.Ne2 Bd7 10.O-O Bc6 11.d5 exd5 12.cxd5 Bb5 13.Re1 Nbd7 14.Nf4 Ne5 15.
Nb3 a5 16.Nd4 Bd7 17.Rc1 Rac8 18.Qe2 Rfe8 19.h3 1/2-1/2

[Event "1st EUR-ch"]
[Site "Saint Vincent ITA"]
[Date "2000.07.14"]
[Round "11"]
[White "Bellini, Fabio"]
[Black "Timman, Jan"]
[Result "0-1"]
[WhiteElo "2484"]
[BlackElo "2639"]
[EventDate "2000.07.03"]
[PlyCount "44"]

1.e4 c5 2.Nf3 e6 3.g3 Nc6 4.Bg2 d5 5.exd5 exd5 6.O-O Nf6 7.d4 Be7 8.dxc5 
Bxc5 9.Nbd2 O-O 10.Nb3 Bb6 11.Nbd4 Re8 12.Be3 Bg4 13.h3 Bh5 14.c3 Ne4 15.
g4 Bg6 16.Qa4 Na5 17.Nc2 Nc4 18.Qb4 Nxe3 19.fxe3 Ng3 20.Rf2 Bxc2 21.Rxc2 
Bxe3+ 22.Kh2 Qc7 0-1

[Event "1st EUR-ch"]
[Site "Saint Vincent ITA"]
[Date "2000.07.14"]
[Round "11"]
[White "Berg, Emanuel"]
[Black "Lalic, Bogdan"]
[Result "1/2-1/2"]
[WhiteElo "2456"]
[BlackElo "2520"]
[EventDate "2000.07.03"]
[PlyCount "149"]

1.e4 c5 2.Nf3 d6 3.d4 cxd4 4.Nxd4 Nf6 5.Nc3 g6 6.Be3 Bg7 7.f3 Nc6 8.Qd2 
O-O 9.Bc4 Bd7 10.Bb3 Qa5 11.h4 Ne5 12.h5 Nxh5 13.Bh6 Bxh6 14.Qxh6 Rfc8 15.
Ne2 Be6 16.O-O-O Bxb3 17.axb3 Nf6 18.Nd5 Qa1+ 19.Kd2 Qxb2 20.Nxe7+ Kh8 21.
Nxc8 Rxc8 22.Rc1 Kg8 23.Qe3 d5 24.exd5 Rd8 25.Qxa7 Rxd5+ 26.Ke3 Neg4+ 27.
fxg4 Qe5+ 28.Kf2 Rd2 29.Rce1 Nxg4+ 30.Kf1 Ne3+ 31.Kf2 Ng4+ 32.Kf1 Ne3+ 33.
Kg1 Nxc2 34.Rf1 Rxe2 35.Qa8+ Kg7 36.Rxf7+ Kxf7 37.Rxh7+ Kf6 38.Qf8+ Kg5 
39.Qh6+ Kf5 40.Rf7+ Ke6 41.Qxg6+ Kd5 42.Qd3+ Kc6 43.Qd7+ Kc5 44.b4+ Kxb4 
45.Qxb7+ Kc3 46.Qc7+ Qxc7 47.Rxc7+ Kd3 48.Rd7+ Nd4 49.Rd8 Re7 50.Kf2 Ke4 
51.Rf8 Ne6 52.Rf3 Ra7 53.Re3+ Kf5 54.Rf3+ Kg6 55.Rb3 Ng5 56.Rb6+ Kh5 57.
Rb4 Ra3 58.Rc4 Kg6 59.Rf4 Ne6 60.Rf3 Ra2+ 61.Kg3 Nd4 62.Rd3 Ra4 63.Kh3 Kf5
64.Rd1 Ne2 65.Rd5+ Ke4 66.Rg5 Nf4+ 67.Kg3 Ra2 68.Kh2 Ra3 69.Rg8 Ne6 70.Re8
Kf5 71.Rb8 Ng5 72.Rb5+ Kf4 73.Rb8 Ra7 74.Rf8+ Kg4 75.Rh8 1/2-1/2